Statistics for 日本の市町村1999 #1(北海道)

Click here to take the quiz!

General Stats

  • This quiz has been taken 18 times
  • The average score is 159 of 212

Answer Stats

支庁所属郡市区町村名% Correct
上川支庁旭川市
100%
宗谷支庁稚内市
91%
釧路支庁釧路郡釧路町
91%
日高支庁新冠郡新冠町
91%
十勝支庁足寄郡足寄町
91%
十勝支庁広尾郡広尾町
91%
釧路支庁厚岸郡浜中町
91%
釧路支庁厚岸郡厚岸町
91%
釧路支庁白糠郡白糠町
91%
釧路支庁阿寒郡阿寒町
91%
釧路支庁釧路市
91%
日高支庁浦河郡浦河町
91%
根室支庁目梨郡羅臼町
91%
根室支庁標津郡標津町
91%
根室支庁標津郡中標津町
91%
根室支庁根室市
91%
網走支庁紋別郡西興部村
91%
網走支庁斜里郡斜里町
91%
網走支庁常呂郡佐呂間町
91%
網走支庁紋別郡遠軽町
91%
日高支庁静内郡静内町
91%
日高支庁幌泉郡えりも町
91%
日高支庁様似郡様似町
91%
胆振支庁伊達市
91%
後志支庁島牧郡島牧村
91%
後志支庁寿都郡寿都町
91%
後志支庁虻田郡ニセコ町
91%
後志支庁積丹郡積丹町
91%
後志支庁余市郡余市町
91%
後志支庁小樽市
91%
胆振支庁白老郡白老町
91%
胆振支庁勇払郡厚真町
91%
胆振支庁登別市
91%
網走支庁網走市
91%
胆振支庁苫小牧市
91%
石狩支庁石狩郡当別町
91%
石狩支庁北広島市
91%
石狩支庁石狩市
91%
石狩支庁恵庭市
91%
石狩支庁千歳市
91%
石狩支庁江別市
91%
石狩支庁札幌市
91%
網走支庁紋別市
91%
日高支庁沙流郡日高町
91%
網走支庁北見市
91%
宗谷支庁枝幸郡中頓別町
91%
上川支庁空知郡南富良野町
91%
上川支庁上川郡(石狩)上川町
91%
留萌支庁留萌郡小平町
91%
留萌支庁増毛郡増毛町
91%
留萌支庁留萌市
91%
上川支庁中川郡(天塩)中川町
91%
宗谷支庁利尻郡利尻富士町
91%
上川支庁空知郡上富良野町
91%
宗谷支庁礼文郡礼文町
91%
宗谷支庁枝幸郡枝幸町
91%
宗谷支庁利尻郡利尻町
91%
上川支庁空知郡中富良野町
91%
上川支庁富良野市
91%
上川支庁士別市
91%
上川支庁名寄市
91%
上川支庁中川郡(天塩)音威子府村
91%
留萌支庁苫前郡苫前町
91%
空知支庁美唄市
82%
上川支庁勇払郡占冠村
82%
空知支庁砂川市
82%
空知支庁深川市
82%
石狩支庁厚田郡厚田村
82%
留萌支庁苫前郡初山別村
82%
空知支庁滝川市
82%
空知支庁岩見沢市
82%
留萌支庁天塩郡天塩町
82%
石狩支庁浜益郡浜益村
82%
留萌支庁天塩郡遠別町
82%
留萌支庁苫前郡羽幌町
82%
留萌支庁天塩郡幌延町
82%
空知支庁夕張郡栗山町
82%
空知支庁赤平市
82%
渡島支庁函館市
82%
檜山支庁瀬棚郡瀬棚町
82%
渡島支庁山越郡長万部町
82%
渡島支庁山越郡八雲町
82%
渡島支庁茅部郡森町
82%
渡島支庁上磯郡木古内町
82%
渡島支庁松前郡福島町
82%
渡島支庁松前郡松前町
82%
宗谷支庁枝幸郡浜頓別町
82%
空知支庁夕張市
82%
後志支庁古宇郡泊村
82%
胆振支庁虻田郡虻田町
82%
宗谷支庁宗谷郡猿払村
82%
胆振支庁勇払郡鵡川町
82%
胆振支庁室蘭市
82%
宗谷支庁天塩郡豊富町
82%
空知支庁樺戸郡新十津川町
82%
空知支庁歌志内市
82%
上川支庁上川郡(石狩)東神楽町
82%
空知支庁芦別市
82%
檜山支庁奥尻郡奥尻町
82%
網走支庁紋別郡興部町
82%
十勝支庁帯広市
82%
網走支庁紋別郡湧別町
82%
根室支庁野付郡別海町
82%
上川支庁上川郡(石狩)比布町
82%
網走支庁常呂郡留辺蘂町
82%
十勝支庁十勝郡浦幌町
82%
上川支庁上川郡(天塩)下川町
82%
網走支庁紋別郡白滝村
82%
後志支庁虻田郡京極町
73%
渡島支庁上磯郡上磯町
73%
上川支庁上川郡(天塩)和寒町
73%
胆振支庁勇払郡追分町
73%
網走支庁斜里郡小清水町
73%
空知支庁雨竜郡沼田町
73%
渡島支庁亀田郡七飯町
73%
空知支庁雨竜郡北竜町
73%
上川支庁中川郡(天塩)美深町
73%
渡島支庁上磯郡知内町
73%
後志支庁磯谷郡蘭越町
73%
空知支庁樺戸郡月形町
73%
釧路支庁川上郡標茶町
73%
空知支庁夕張郡由仁町
73%
後志支庁虻田郡喜茂別町
73%
後志支庁古宇郡神恵内村
73%
後志支庁余市郡赤井川村
73%
空知支庁三笠市
73%
上川支庁上川郡(石狩)美瑛町
73%
釧路支庁川上郡弟子屈町
73%
十勝支庁河西郡芽室町
73%
十勝支庁足寄郡陸別町
73%
網走支庁紋別郡雄武町
73%
檜山支庁檜山郡上ノ国町
73%
檜山支庁檜山郡江差町
73%
日高支庁沙流郡門別町
73%
日高支庁沙流郡平取町
73%
網走支庁紋別郡滝上町
73%
日高支庁三石郡三石町
73%
上川支庁上川郡(石狩)東川町
73%
十勝支庁中川郡(十勝)幕別町
73%
十勝支庁広尾郡大樹町
73%
胆振支庁虻田郡豊浦町
73%
十勝支庁河東郡士幌町
73%
十勝支庁河東郡音更町
73%
上川支庁上川郡(石狩)愛別町
73%
釧路支庁阿寒郡鶴居村
73%
十勝支庁上川郡(十勝)清水町
73%
石狩支庁石狩郡新篠津村
73%
十勝支庁上川郡(十勝)新得町
73%
十勝支庁河東郡鹿追町
73%
十勝支庁河東郡上士幌町
73%
後志支庁寿都郡黒松内町
64%
渡島支庁茅部郡鹿部町
64%
渡島支庁茅部郡砂原町
64%
網走支庁紋別郡生田原町
64%
網走支庁常呂郡訓子府町
64%
後志支庁岩内郡共和町
64%
胆振支庁虻田郡洞爺村
64%
後志支庁古平郡古平町
64%
網走支庁紋別郡丸瀬布町
64%
宗谷支庁枝幸郡歌登町
64%
網走支庁常呂郡置戸町
64%
網走支庁網走郡女満別町
64%
後志支庁虻田郡留寿都村
64%
十勝支庁中川郡(十勝)本別町
64%
空知支庁雨竜郡妹背牛町
64%
空知支庁雨竜郡幌加内町
64%
空知支庁樺戸郡浦臼町
64%
空知支庁雨竜郡秩父別町
64%
空知支庁雨竜郡雨竜町
64%
空知支庁空知郡上砂川町
64%
上川支庁上川郡(天塩)剣淵町
64%
空知支庁空知郡南幌町
64%
釧路支庁白糠郡音別町
64%
十勝支庁中川郡(十勝)池田町
64%
上川支庁上川郡(天塩)風連町
64%
上川支庁上川郡(石狩)鷹栖町
64%
網走支庁斜里郡清里町
64%
十勝支庁中川郡(十勝)豊頃町
64%
上川支庁上川郡(石狩)当麻町
64%
十勝支庁河西郡中札内村
64%
網走支庁網走郡津別町
64%
胆振支庁有珠郡壮瞥町
64%
網走支庁網走郡美幌町
64%
十勝支庁河西郡更別村
55%
渡島支庁亀田郡戸井町
55%
檜山支庁瀬棚郡今金町
55%
網走支庁紋別郡上湧別町
55%
胆振支庁勇払郡穂別町
55%
上川支庁上川郡(天塩)朝日町
55%
空知支庁空知郡奈井江町
55%
後志支庁余市郡仁木町
55%
網走支庁常呂郡常呂町
55%
空知支庁空知郡栗沢町
55%
空知支庁空知郡北村
55%
網走支庁網走郡東藻琴村
55%
空知支庁夕張郡長沼町
55%
檜山支庁檜山郡厚沢部町
45%
檜山支庁瀬棚郡北檜山町
45%
胆振支庁勇払郡早来町
45%
檜山支庁爾志郡熊石町
45%
檜山支庁爾志郡乙部町
45%
胆振支庁有珠郡大滝村
45%
十勝支庁広尾郡忠類村
45%
渡島支庁亀田郡椴法華村
45%
渡島支庁茅部郡南茅部町
45%
網走支庁常呂郡端野町
45%
後志支庁虻田郡真狩村
45%
渡島支庁亀田郡大野町
45%
檜山支庁久遠郡大成町
36%
渡島支庁亀田郡恵山町
36%
後志支庁虻田郡俱知安町
36%
後志支庁岩内郡岩内郡
9%

Score Distribution

Percentile by Number Answered

Percent of People with Each Score

Your Score History

You have not taken this quiz